| 000 | 00929nas a2200289 4500 | ||
|---|---|---|---|
| 001 | BR0201306 | ||
| 003 | BR-BrBNA | ||
| 005 | 20231205102816.0 | ||
| 007 | ta | ||
| 008 | 230509b bl.|||p| |||| 00| 00por d | ||
| 040 |
_aBR-BrBNA _bpor _cBiblioteca Nacional de Agricultura |
||
| 041 | _a(Pt) | ||
| 072 | _aF61 | ||
| 100 | 1 | _aTeixeira, L.A.J. | |
| 100 | 1 | _aRuggiero, C. | |
| 100 | 1 | _aNatale, W. | |
| 245 | 1 | _aManunteção de folhas ativas em bananeira-"Nanicão" por meio do manejo das adubações nitrogenada e potássica e da irrigação | |
| 650 | _aBANANA | ||
| 650 | _aFERTILIZANTE NITROGENADO | ||
| 650 | _aFERTILIZANTE POTÁSSICO | ||
| 650 | _aRESPOSTA DA PLANTA | ||
| 650 | _aIRRIGAÇÃO | ||
| 650 | _aÁREA FOLIAR | ||
| 773 | 0 |
_tRevista Brasileira de Fruticultura (Brazil) _xISSN 0100-2945 _g(Dec 2001), v. 23(3) p. 699-703 _wBR0201306 |
|
| 909 |
_a202311 _bLúcia _c55 _dLúcia Elande |
||
| 942 |
_2AGRIS _n0 _cANA |
||
| 999 |
_c169445 _d169445 |
||